[Event "Mechanics' Spring TNM; 30/90, SD/30"]
[Site "San Francisco"]
[Date "2012.03.13"]
[Round "1.5"]
[White "Lopez, Jorge"]
[Black "Harris, John"]
[Result "1-0"]
[WhiteElo "2182"]
[BlackElo "1737"]
[Annotator "Donaldson"]
[PlyCount "61"]
[EventDate "2012.??.??"]

1. d4 d5 2. c4 e5 3. dxe5 d4 4. a3 Bf5 5. Bf4 Nc6 6. Nd2 a5 7. Ngf3 Bc5 8. Nb3
Ba7 9. c5 d3 10. exd3 a4 11. Nc1 Bxc5 12. Be2 Nge7 13. Qc2 Bb6 14. O-O O-O 15.
Re1 Nd5 $6 (15... Ng6 16. Bg3 Nd4 17. Nxd4 Bxd4 18. Bf3 c6 $11) 16. Bg3 Nd4 17.
Nxd4 Bxd4 18. Bf1 Bb6 19. Na2 h5 20. Qc4 g5 21. h4 Be6 22. Qe4 g4 23. Nc3 Qd7
24. d4 c6 25. Bd3 f5 26. exf6 Rxf6 27. Be5 Bf5 28. Nxd5 cxd5 29. Qf4 Rf7 30.
Qg5+ Kf8 31. Qh6+ 1-0

[Event "Mechanics' Spring TNM; 30/90, SD/30"]
[Site "San Francisco"]
[Date "2012.04.10"]
[Round "5.5"]
[White "Lopez, Jorge"]
[Black "Melville, Cailen"]
[Result "1-0"]
[WhiteElo "2182"]
[BlackElo "1757"]
[PlyCount "87"]
[EventDate "2012.??.??"]

1. b4 c6 2. Nf3 e5 3. Nxe5 Bxb4 4. Bb2 Nf6 5. c4 Qb6 6. Qb3 O-O 7. e3 Na6 8.
Nc3 Nc5 9. Qc2 Re8 10. Rb1 d6 (10... Rxe5 11. Na4 Nxa4 12. Bxe5 Qa5 $17) 11.
Nf3 g6 12. Be2 Bf5 13. d3 Ng4 14. O-O Rxe3 15. fxe3 Nxe3 16. Qd2 Nxc4 $2 (16...
Ne4 17. dxe4 Nxc4+ 18. Qd4 Bc5 19. Na4 Bxd4+ 20. Bxd4 Qa6 21. Bxc4 Qxc4 22. Nb2
Qxa2 23. exf5) (16... Nxd3 $1 17. Kh1 Nxf1 18. Rxf1 Nxb2 19. Qxb2 Re8 $17) 17.
dxc4 (17. Qh6 $1) 17... Nb3+ 18. Kh1 Nxd2 19. Rbd1 Nxf1 20. Bxf1 Bxc3 21. Bxc3
Qf2 22. Re1 Rd8 23. Bf6 Rf8 24. a4 h6 25. h3 Kh7 (25... Bxh3) 26. Bd4 Qa2 27.
c5 d5 28. Re7 Qb1 29. Kg1 Bd3 30. Re1 Qb4 $2 (30... Qc2) 31. Bxd3 Qxa4 32. Re7
Qd1+ 33. Bf1 Qb1 34. Ne5 Qe4 35. Nxc6 Qh4 $2 (35... Qf4 36. Rxb7 Rc8) 36. Rxb7
Qf4 37. Bf2 Re8 38. Nxa7 Rb8 39. c6 Rxb7 40. cxb7 Qb8 41. Ba6 Qd6 42. Nb5 Qf4
43. Nd4 Qc1+ 44. Kh2 1-0

[Event "Mechanics' Summer TNM; 30/90, SD/30"]
[Site "San Francisco"]
[Date "2012.06.12"]
[Round "4.6"]
[White "Lopez, Jorge"]
[Black "Morton, Adam"]
[Result "1-0"]
[WhiteElo "2182"]
[BlackElo "1878"]
[PlyCount "71"]
[EventDate "2012.??.??"]

1. d4 d5 2. c4 c6 3. cxd5 cxd5 4. Nc3 Nf6 5. Nf3 Nc6 6. g3 Bf5 7. Bg2 e6 8. O-O
h6 9. Qb3 Qd7 10. Ne5 Nxe5 11. dxe5 Ng4 12. e4 dxe4 13. Bf4 Bc5 14. Nxe4 Bxe4
15. Bxe4 Bxf2+ 16. Rxf2 Qd4 17. Qf3 Nxf2 18. Bxb7 Nh3+ 19. Kh1 Rd8 20. Bc6+ Kf8
21. Be3 Qxe5 22. Rf1 f6 23. b4 h5 24. Bxa7 Kf7 25. a4 h4 26. g4 Ng5 27. Qe3 Qd6
28. b5 Kg8 29. Bc5 Qd2 30. Qxd2 Rxd2 31. a5 Rc2 32. Bg1 Kf7 33. a6 Ke7 34. a7
Rxc6 35. bxc6 Kd6 36. Rb1 1-0

[Event "Mechanics' Summer TNM; 30/90, SD/30"]
[Site "San Francisco"]
[Date "2012.06.26"]
[Round "6.6"]
[White "Lopez, Jorge"]
[Black "Royzen, Igor"]
[Result "1-0"]
[WhiteElo "2182"]
[BlackElo "1851"]
[PlyCount "55"]
[EventDate "2012.??.??"]

1. d4 d5 2. e3 Nf6 3. Bd3 Bg4 4. Ne2 e6 5. c3 c5 6. O-O Nc6 7. f3 Bh5 8. Nf4
Bg6 9. Nxg6 hxg6 10. Nd2 Bd6 11. f4 Qc7 12. g3 O-O-O 13. Nf3 Rh5 14. Rf2 Rdh8
15. Rg2 Qe7 16. Bd2 Ne4 17. Be1 f5 18. Rc1 Kb8 19. c4 cxd4 20. exd4 Qf6 21. Ne5
Bxe5 22. dxe5 Qe7 23. cxd5 exd5 24. Bb5 Nxe5 25. fxe5 Qxe5 26. Bd3 f4 27. gxf4
Qxf4 28. Bg3 1-0

[Event "Mechanics' Spring TNM; 30/90, SD/30"]
[Site "San Francisco"]
[Date "2012.05.01"]
[Round "8.5"]
[White "Lopez, Jorge"]
[Black "Royzen, Igor"]
[Result "1-0"]
[WhiteElo "2182"]
[BlackElo "1849"]
[PlyCount "71"]
[EventDate "2012.??.??"]

1. d4 Nf6 2. Nf3 d5 3. g3 Bf5 4. Bg2 e6 5. O-O Be7 6. Nh4 Bg4 7. h3 Bh5 8. g4
Bg6 9. Nxg6 hxg6 10. c4 c6 11. Nc3 Qc7 12. e4 Nxe4 13. Nxe4 dxe4 14. Qe2 Nd7
15. Qxe4 Nf6 16. Qf3 O-O 17. Be3 Rfd8 18. Rab1 Rd7 19. b4 Rad8 20. Rfc1 Qb8 21.
b5 cxb5 22. Rxb5 b6 23. g5 Nh5 24. c5 Rd5 25. Qg4 Bxg5 26. Bxg5 Rxd4 27. c6
Rxg4 28. hxg4 Rc8 29. gxh5 gxh5 30. Rd1 f6 31. Be3 Rd8 32. Rbb1 Qc7 33. Rxd8+
Qxd8 34. Rc1 h4 35. c7 Qc8 36. Bb7 1-0

[Event "Mechanics' Summer TNM; 30/90, SD/30"]
[Site "San Francisco"]
[Date "2012.06.26"]
[Round "6.23"]
[White "MacIntyre, Brendan"]
[Black "Allen, Tom"]
[Result "1-0"]
[WhiteElo "1684"]
[BlackElo "1450"]
[PlyCount "58"]
[EventDate "2012.??.??"]

1. d4 Nf6 2. c4 e5 3. dxe5 Ng4 4. Nf3 Bc5 5. e3 Nc6 6. Be2 Ngxe5 7. O-O Nxf3+
8. Bxf3 Ne5 9. b3 Nxf3+ 10. Qxf3 O-O 11. Nc3 d6 12. Bb2 f6 13. Rad1 Qe8 14. Nd5
Qf7 15. Qg3 Kh8 16. b4 c6 17. bxc5 cxd5 18. Rxd5 dxc5 19. Rxc5 Rd8 20. Qf4 Be6
21. h4 Rd7 22. h5 Qf8 23. Bd4 Rf7 24. Rb1 Rc8 25. Rxc8 Qxc8 26. h6 Qf8 27.
hxg7+ Qxg7 28. Rxb7 Bxc4 29. Rxf7 Qxf7 1-0

[Event "Mechanics' Winter TNM; 30/90, SD/30"]
[Site "San Francisco"]
[Date "2012.01.10"]
[Round "2.8"]
[White "MacIntyre, Brendan"]
[Black "Anderson, Michael"]
[Result "1-0"]
[WhiteElo "1675"]
[BlackElo "1900"]
[PlyCount "41"]
[EventDate "2012.??.??"]

1. d4 f5 2. Nf3 Nf6 3. Nc3 g6 4. Bg5 Bg7 5. e3 O-O 6. Bc4+ Kh8 7. h4 d6 8. Bxf6
Bxf6 9. Ng5 Bxg5 10. hxg5 e5 11. f4 exf4 12. exf4 Re8+ 13. Kf2 Be6 14. d5 Bf7
15. Qd4+ Kg8 16. Rxh7 Re5 17. Rah1 Kf8 18. fxe5 Qxg5 19. e6 f4 20. Rxf7+ Ke8
21. Rh8# 1-0

[Event "Mechanics' Summer TNM; 30/90, SD/30"]
[Site "San Francisco"]
[Date "2012.07.03"]
[Round "7.15"]
[White "MacIntyre, Brendan"]
[Black "Delmonico, Nils"]
[Result "0-1"]
[WhiteElo "1684"]
[BlackElo "1895"]
[PlyCount "78"]
[EventDate "2012.??.??"]

1. d4 d5 2. c4 c6 3. Nc3 dxc4 4. e4 b5 5. g3 Nf6 6. Bg2 e6 7. Nge2 Bb7 8. O-O
Be7 9. b3 cxb3 10. Qxb3 O-O 11. Bg5 a6 12. Rfd1 Nbd7 13. a3 Rc8 14. Nf4 h6 15.
Bxf6 Nxf6 16. e5 Nd5 17. Ncxd5 cxd5 18. a4 Bc6 19. axb5 Bxb5 20. Bh3 Rc6 21.
Qf3 Bb4 22. Rac1 Rxc1 23. Rxc1 Bd2 24. Rd1 Bxf4 25. gxf4 Bc4 26. Kh1 g6 27. Rg1
Kh7 28. Bf1 Bxf1 29. Rxf1 Qb6 30. Qe3 a5 31. h4 h5 32. Qa3 Qb4 33. Qa1 Rb8 34.
Rd1 a4 35. Rd3 Rc8 36. Kg2 Rc2 37. Rf3 Rd2 38. Qc1 Rxd4 39. Qc7 Rxf4 0-1

[Event "Mechanics' Winter TNM; 30/90, SD/30"]
[Site "San Francisco"]
[Date "2012.01.24"]
[Round "4.9"]
[White "MacIntyre, Brendan"]
[Black "Delmonico, Nils"]
[Result "0-1"]
[WhiteElo "1675"]
[BlackElo "1900"]
[Annotator "Donaldson"]
[PlyCount "32"]
[EventDate "2012.??.??"]

1. d4 Nf6 2. c4 e6 3. Nc3 Bb4 4. Nf3 c5 5. e3 O-O 6. Bd3 d5 7. a3 cxd4 8. exd4
(8. axb4 $1) 8... Bxc3+ 9. bxc3 dxc4 10. Bxc4 Qc7 11. Qd3 Nc6 12. O-O e5 13.
dxe5 Nxe5 14. Nxe5 Qxe5 15. Be3 (15. Qd4 $11) 15... Ng4 16. f4 $4 (16. g3 Qh5
17. h4 Ne5 18. Qe4 Bh3 $17) 16... Qxe3+ 0-1

[Event "Mechanics' Winter TNM; 30/90, SD/30"]
[Site "San Francisco"]
[Date "2012.02.21"]
[Round "8.12"]
[White "MacIntyre, Brendan"]
[Black "Eytan, David"]
[Result "0-1"]
[WhiteElo "1675"]
[BlackElo "1608"]
[PlyCount "128"]
[EventDate "2012.??.??"]

1. d4 f5 2. Nf3 e6 3. c4 Nf6 4. Nc3 b6 5. Qc2 Bb7 6. e3 Nc6 7. a3 Ne7 8. Be2
Ng6 9. O-O a6 10. b4 h5 11. Ne1 h4 12. Bf3 Bxf3 13. Nxf3 h3 14. g3 c6 15. e4
fxe4 16. Nxe4 Nxe4 17. Qxe4 Qf6 18. Bg5 Qf7 19. Rfe1 Be7 20. Bxe7 Nxe7 21. Ne5
Qf5 22. f4 Rc8 23. g4 Qxe4 24. Rxe4 d5 25. Re3 Rh4 26. Kf2 dxc4 27. Kg3 Rh6 28.
Nxc4 Rd8 29. Rae1 Rxd4 30. Nxb6 Rd2 31. R1e2 Rd1 32. Nc4 Rg1+ 33. Kf3 Ng6 34.
Rxe6+ Kf7 35. Nd6+ Kg8 36. Nf5 Nh4+ 37. Nxh4 Rxh4 38. Rg6 Kf7 39. f5 Rh8 40.
Rxc6 Rd8 41. Rce6 Rd3+ 42. R6e3 Rd4 43. Kf2 Rg2+ 44. Kf3 Rdxg4 45. a4 Rxb4 46.
Rxg2 hxg2 47. Kxg2 Rxa4 48. Re6 a5 49. Kg3 Ra1 50. Ra6 a4 51. Kh4 a3 52. h3 a2
53. Kh5 Ke8 54. Ra7 Kd8 55. h4 Kc8 56. Rxg7 Rf1 57. Ra7 a1=Q 58. Rxa1 Rxa1 59.
Kg6 Kd7 60. Kf7 Rh1 61. h5 Rxh5 62. Kg6 Rh1 63. f6 Rf1 64. Kf7 Kd6 0-1

[Event "Mechanics' Summer TNM; 30/90, SD/30"]
[Site "San Francisco"]
[Date "2012.06.12"]
[Round "4.23"]
[White "MacIntyre, Brendan"]
[Black "Graeber, Marie"]
[Result "0-1"]
[WhiteElo "1684"]
[BlackElo "1424"]
[PlyCount "78"]
[EventDate "2012.??.??"]

1. d4 d5 2. c4 c6 3. Nc3 Nf6 4. e3 Nbd7 5. Nf3 e6 6. Bd3 Bb4 7. O-O dxc4 8.
Bxc4 Bxc3 9. bxc3 b5 10. Bd3 O-O 11. e4 h6 12. e5 Nd5 13. Qc2 f5 14. exf6 N7xf6
15. Ne5 Qc7 16. f4 a5 17. Rf3 Ne7 18. g4 Bb7 19. Rg3 c5 20. dxc5 Qxc5+ 21. Be3
Qd5 22. Kf2 h5 23. gxh5 Nxh5 24. Bh7+ Kh8 25. Rg5 Nf5 26. Bxf5 Rxf5 27. Rxf5
Qg2+ 28. Ke1 Qxc2 29. Rxh5+ Kg8 30. Rc1 Qe4 31. Ke2 Rd8 32. Rg5 Rf8 33. Ng6
Qf3+ 34. Kd2 Rd8+ 35. Bd4 Be4 36. Rg3 Qf2+ 37. Kd1 Bf3+ 38. Rxf3 Qxf3+ 39. Ke1
Qh1+ 0-1

[Event "Mechanics' Winter TNM; 30/90, SD/30"]
[Site "San Francisco"]
[Date "2012.02.07"]
[Round "6.13"]
[White "MacIntyre, Brendan"]
[Black "Morton, Adam"]
[Result "0-1"]
[WhiteElo "1675"]
[BlackElo "1849"]
[PlyCount "198"]
[EventDate "2012.??.??"]

1. d4 d5 2. c4 c6 3. Nc3 Nf6 4. e3 e6 5. Nf3 Nbd7 6. Bd3 dxc4 7. Bxc4 b5 8. Bd3
a6 9. O-O Bb7 10. b3 c5 11. Be2 Qb6 12. dxc5 Bxc5 13. Bb2 O-O 14. Rc1 e5 15.
Nd2 Rfe8 16. e4 Nf8 17. Bf3 Ne6 18. Nd5 Nxd5 19. exd5 Nd4 20. Bxd4 Bxd4 21. Be4
Rad8 22. Qc2 g6 23. Qc7 Bxd5 24. Qxb6 Bxb6 25. Bxd5 Rxd5 26. Ne4 Re6 27. Rc8+
Kg7 28. Rfc1 h6 29. Kf1 f5 30. Nc5 Rxc5 31. R1xc5 Bxc5 32. Rxc5 Kf6 33. Ke2 Rd6
34. a4 bxa4 35. bxa4 Ke6 36. Ke3 Rb6 37. g3 Kd6 38. Ra5 g5 39. h4 gxh4 40. gxh4
Ke6 41. Kf3 Kf6 42. Kg3 h5 43. Kf3 Ke6 44. Rc5 Kd6 45. Ra5 Ke6 46. Rc5 Rb3+ 47.
Kg2 Kd6 48. Ra5 Rb6 49. Kf3 Rc6 50. Kg3 Ke6 51. Kf3 Kf6 52. Kg3 f4+ 53. Kg2 Kf5
54. f3 Re6 55. Kf2 Rb6 56. Kg2 Kf6 57. Kf2 Re6 58. Kg2 Ke7 59. Kf2 Kd7 60. Kg2
Kc7 61. Kf2 Kb6 62. Rd5 Kc6 63. Ra5 Kb7 64. Rc5 Kb6 65. Rd5 Kc6 66. Ra5 Kd7 67.
Rd5+ Ke7 68. Ra5 Kf6 69. Kg2 Kg6 70. Kf2 Kf5 71. Kg2 Rc6 72. Kf2 Rc2+ 73. Kg1
Rc6 74. Kf2 Rg6 75. Ke2 Rg2+ 76. Kf1 Rg3 77. Kf2 Rh3 78. Rxa6 Rh2+ 79. Kg1 Ra2
80. Ra5 Ke6 81. Ra6+ Kd5 82. Rh6 Rxa4 83. Rxh5 Ra2 84. Rg5 Ke6 85. Rg2 Ra3 86.
Kf2 Kf6 87. Rg4 Ra5 88. Kg2 Ra7 89. Kf2 Rh7 90. Ke2 Rh5 91. Kd3 Kf5 92. Rg5+
Rxg5 93. hxg5 Kxg5 94. Ke4 Kf6 95. Kd5 Kf5 96. Kc4 e4 97. Kd4 e3 98. Kd3 Kg5
99. Ke2 Kh4 0-1

[Event "Mechanics' Summer TNM; 30/90, SD/30"]
[Site "San Francisco"]
[Date "2012.05.29"]
[Round "2.6"]
[White "MacIntyre, Brendan"]
[Black "Watson, Farid"]
[Result "0-1"]
[WhiteElo "1684"]
[BlackElo "2046"]
[PlyCount "84"]
[EventDate "2012.??.??"]

1. d4 Nf6 2. c4 e6 3. Nc3 Bb4 4. Nf3 c5 5. e3 O-O 6. Bd3 Nc6 7. O-O d5 8. a3
Bxc3 9. bxc3 b6 10. cxd5 exd5 11. Qc2 g6 12. Rd1 c4 13. Be2 Bf5 14. Qa4 Qc7 15.
Nh4 Ne4 16. Bb2 Bd7 17. Qc2 f5 18. f4 Na5 19. Nf3 Nb3 20. Ra2 Ba4 21. Qb1 Rfe8
22. Ne5 Nbd2 23. Rxd2 Nxd2 24. Qe1 Ne4 25. Bf3 Rf8 26. g4 Kh8 27. g5 Rae8 28.
Ra1 Re6 29. Qe2 b5 30. Kg2 Kg8 31. Rg1 a5 32. Kf1 Rb8 33. Bxe4 dxe4 34. Kf2 Rd8
35. h4 Rxe5 36. fxe5 Qf7 37. Kg3 Kf8 38. Rh1 Ke7 39. Kf4 Ke6 40. h5 Bb3 41.
hxg6 hxg6 42. Rh7 Qxh7 0-1

[Event "Mechanics' Mar TNM; 30/90, SD/30"]
[Site "San Francisco"]
[Date "2012.08.28"]
[Round "5.19"]
[White "Macintyre, Brendan"]
[Black "Abraham, Renjish"]
[Result "0-1"]
[WhiteElo "1689"]
[BlackElo "1877"]
[PlyCount "134"]
[EventDate "2012.??.??"]

1. d4 Nf6 2. c4 g6 3. Nc3 Bg7 4. e4 d6 5. Be2 O-O 6. Nf3 Nbd7 7. O-O e5 8. d5
Re8 9. b4 a5 10. Rb1 axb4 11. Rxb4 Nc5 12. Qc2 c6 13. Be3 Na6 14. Rb3 c5 15. a3
Ng4 16. Bd2 f5 17. Rfb1 Nf6 18. Bd3 f4 19. Be1 h6 20. Nd2 Re7 21. f3 Nc7 22.
Nb5 Nce8 23. Ra1 g5 24. a4 Bf8 25. Nf1 Rg7 26. a5 h5 27. Na3 g4 28. Nd2 Rxa5
29. Rb5 Rxb5 30. Nxb5 gxf3 31. Nxf3 Bh3 32. Bf1 Qd7 33. Qe2 Qf7 34. Ra2 Qg6 35.
Nc3 Bg4 36. Bh4 Nh7 37. Rb2 Be7 38. Bxe7 Rxe7 39. Rb6 Rg7 40. Nd1 Ng5 41. Kf2
Nxe4+ 42. Ke1 Ng5 43. Nf2 Nxf3+ 44. gxf3 Bf5 45. Ne4 Bxe4 46. Qxe4 Qxe4+ 47.
fxe4 h4 48. Kf2 Kh7 49. Bh3 Kh6 50. Bc8 Kg5 51. Bf5 Rc7 52. Kf3 Ng7 53. Bh3 Ne8
54. Rb1 Kf6 55. Rg1 Rg7 56. Rg4 Rxg4 57. Kxg4 Nc7 58. Bf1 Na6 59. Kxh4 Nb4 60.
Be2 Nc2 61. Kg4 Ne3+ 62. Kh5 f3 63. Bxf3 Nxc4 64. Be2 Ne3 65. h4 c4 66. Kh6 c3
67. Kh7 c2 0-1

[Event "Mechanics' Spring TNM; 30/90, SD/30"]
[Site "San Francisco"]
[Date "2012.03.27"]
[Round "3.12"]
[White "Macintyre, Brendan"]
[Black "Byambaa, Uyanga"]
[Result "0-1"]
[WhiteElo "1675"]
[BlackElo "2029"]
[PlyCount "106"]
[EventDate "2012.??.??"]

1. d4 Nf6 2. c4 g6 3. Nc3 Bg7 4. g3 O-O 5. Bg2 d6 6. e4 e5 7. d5 Nbd7 8. Nge2
a5 9. O-O Nc5 10. Be3 Ng4 11. Bxc5 dxc5 12. Qd3 f5 13. f3 Nh6 14. Rad1 Nf7 15.
exf5 Bxf5 16. Ne4 Nd6 17. N2c3 b6 18. Qe2 Qe7 19. b3 Bd7 20. Nxd6 cxd6 21. Ne4
a4 22. Ra1 Rfb8 23. Rfd1 b5 24. Rab1 b4 25. Qd2 Rb6 26. Qg5 Qxg5 27. Nxg5 Bf5
28. Ne4 Bh6 29. Rb2 Rba6 30. Kf2 Kf7 31. g4 Bxe4 32. fxe4 axb3 33. axb3 Bf4 34.
h4 Kf6 35. Bf3 Ra3 36. Rdb1 Ra1 37. Rxa1 Rxa1 38. g5+ Kg7 39. Bg2 h6 40. gxh6+
Kxh6 41. Bf3 Bh2 42. Rd2 Bg1+ 43. Kg2 Bd4 44. Bd1 Bc3 45. Rd3 Ra2+ 46. Kg3 Be1+
47. Kh3 Bd2 48. Rg3 Bf4 49. Rg2 Ra1 50. Bc2 Kh5 51. Rg4 Rh1+ 52. Kg2 Rh2+ 53.
Kf3 Rxc2 0-1

[Event "Mechanics' Spring TNM; 30/90, SD/30"]
[Site "San Francisco"]
[Date "2012.04.17"]
[Round "6.28"]
[White "Macintyre, Brendan"]
[Black "Frank, Robert"]
[Result "1-0"]
[WhiteElo "1675"]
[BlackElo "1334"]
[PlyCount "69"]
[EventDate "2012.??.??"]

1. d4 Nf6 2. c4 d6 3. Nc3 Nc6 4. e3 Bd7 5. Nf3 e5 6. d5 Ne7 7. e4 Ng6 8. Bd3
Be7 9. O-O c5 10. a4 O-O 11. a5 a6 12. Bd2 Nh5 13. Ne2 Bg4 14. Ng3 Ngf4 15.
Bxf4 Nxf4 16. Nf5 Bxf5 17. exf5 Nxd3 18. Qxd3 b6 19. Nd2 Qb8 20. b3 b5 21. Ne4
f6 22. f4 Kh8 23. g4 bxc4 24. bxc4 Qe8 25. fxe5 fxe5 26. Rf3 h5 27. g5 h4 28.
g6 Qd7 29. Qf1 Bf6 30. Qg2 Kg8 31. Qg4 Rfb8 32. Qh5 Kf8 33. Nxf6 gxf6 34. Qh8+
Ke7 35. Qg7+ 1-0

[Event "Mechanics' Mar TNM; 30/90, SD/30"]
[Site "San Francisco"]
[Date "2012.09.18"]
[Round "8.24"]
[White "Macintyre, Brendan"]
[Black "Lazaro, Fernando"]
[Result "1-0"]
[WhiteElo "1689"]
[BlackElo "1254"]
[PlyCount "85"]
[EventDate "2012.??.??"]

1. d4 d5 2. c4 c6 3. Nc3 e6 4. Nf3 Be7 5. e3 Nf6 6. Bd3 a6 7. O-O O-O 8. Qc2 g6
9. e4 dxe4 10. Nxe4 Nbd7 11. Bh6 Re8 12. Rad1 Bf8 13. Bxf8 Rxf8 14. Rfe1 Nxe4
15. Rxe4 Nf6 16. Ree1 Qc7 17. Ne5 Rd8 18. Be2 c5 19. Nf3 b6 20. dxc5 Rxd1 21.
Rxd1 Bb7 22. cxb6 Qxb6 23. Qc3 Ne4 24. Qd4 Nc5 25. Ne5 Qc6 {sic} 26. Ng4 Ne4
27. Bf3 Qc5 28. Bxe4 Qxd4 29. Rxd4 Bxe4 30. Nf6+ Kg7 31. Nxe4 f5 32. Rd7+ Kg8
33. Nf6+ Kf8 34. Rxh7 Rd8 35. Rd7 Rxd7 36. Nxd7+ Ke7 37. Ne5 Kf6 38. f4 g5 39.
g3 gxf4 40. gxf4 Ke7 41. b4 Kd6 42. a4 Kc7 43. c5 1-0

[Event "Mechanics' Spring TNM; 30/90, SD/30"]
[Site "San Francisco"]
[Date "2012.04.24"]
[Round "7.22"]
[White "Macintyre, Brendan"]
[Black "Ledford, Steven"]
[Result "1/2-1/2"]
[WhiteElo "1675"]
[BlackElo "1944"]
[PlyCount "81"]
[EventDate "2012.??.??"]

1. d4 Nf6 2. c4 g6 3. Nc3 d5 4. e3 Bg7 5. Be2 O-O 6. Nf3 c6 7. O-O Nbd7 8. cxd5
cxd5 9. Qb3 Nb6 10. Bd2 Bf5 11. Rac1 Ne4 12. Rfd1 Rc8 13. Be1 a6 14. a3 Rc6 15.
Nxe4 Rxc1 16. Rxc1 dxe4 17. Nd2 Qd6 18. Nc4 Nxc4 19. Bxc4 b5 20. Be2 Rc8 21.
Rxc8+ Bxc8 22. Bb4 Qc6 23. Bc5 e5 24. Qb4 Be6 25. Qc3 Qd5 26. f3 exd4 27. exd4
Bh6 28. Kf1 e3 29. Bd3 Qh5 30. Bd6 Qd5 31. Be5 f5 32. f4 Bg7 33. Be2 Qe4 34.
Qd3 Qc6 35. Qxe3 Bxe5 36. dxe5 Qc2 37. Qc3 Qb1+ 38. Kf2 Qe4 39. Qe3 Qc2 40. Qc3
Qe4 41. Qe3 1/2-1/2

[Event "Mechanics' Mar TNM; 30/90, SD/30"]
[Site "San Francisco"]
[Date "2012.09.18"]
[Round "8.13"]
[White "Mandrusov, George"]
[Black "Delmonico, Nils"]
[Result "1-0"]
[WhiteElo "2018"]
[BlackElo "1888"]
[PlyCount "73"]
[EventDate "2012.??.??"]

1. Nf3 d5 2. c4 c6 3. b3 Nf6 4. Bb2 Bf5 5. e3 e6 6. Be2 Nbd7 7. O-O Be7 8. d3
O-O 9. Nbd2 h6 10. Qc2 a5 11. Rfd1 b5 12. Nd4 Qb6 13. Nxf5 exf5 14. Nf3 f4 15.
exf4 Ng4 16. Bf1 Bc5 17. d4 Be7 18. cxb5 cxb5 19. Qe2 Bd6 20. Qxb5 Qxb5 21.
Bxb5 Ngf6 22. Ne5 Nb6 23. Rac1 Rfc8 24. Rc6 Rxc6 25. Bxc6 Ra7 26. Rc1 a4 27. g3
axb3 28. axb3 Ra2 29. Nd3 Ne4 30. Ra1 Rxa1+ 31. Bxa1 Kf8 32. Kg2 Ke7 33. Nc5
Nxc5 34. dxc5 Bxc5 35. Bxg7 f6 36. Bxh6 Kf7 37. f5 1-0

[Event "Mechanics' Mar TNM; 30/90, SD/30"]
[Site "San Francisco"]
[Date "2012.08.14"]
[Round "3.8"]
[White "Mandrusov, George"]
[Black "Gaffagan, Steven"]
[Result "0-1"]
[WhiteElo "2018"]
[BlackElo "2062"]
[PlyCount "98"]
[EventDate "2012.??.??"]

1. Nf3 Nf6 2. c4 g6 3. g3 Bg7 4. Bg2 O-O 5. O-O d6 6. d4 c6 7. Nc3 Nbd7 8. Qc2
e5 9. Rd1 Qb6 10. Na4 Qc7 11. b3 Re8 12. dxe5 Nxe5 13. Nxe5 dxe5 14. Ba3 Bf5
15. e4 Bg4 16. Rd3 Rad8 17. h3 Bc8 18. Rad1 Rxd3 19. Qxd3 h5 20. Kh2 h4 21. Qd6
Qxd6 22. Bxd6 Nh5 23. Bf3 hxg3+ 24. fxg3 Nf6 25. Nb2 Nh7 26. Bc7 Ng5 27. Bg2 f5
28. Nd3 fxe4 29. Nc5 e3 30. Re1 e4 31. Bf4 Nf3+ 32. Bxf3 exf3 33. Rxe3 Rf8 34.
Ne4 Bf5 35. Nd2 f2 36. Rf3 Re8 37. Rxf2 Bd4 38. Rg2 Bc3 39. g4 Bd7 40. Kg3 c5
41. h4 Bc6 42. Rf2 Bd4 43. Rh2 Bc3 44. h5 gxh5 45. gxh5 Kh7 46. Kh4 Re1 47. Rf2
Rh1+ 48. Kg4 Bd7+ 49. Kg5 Rg1+ 0-1

[Event "Mechanics' Mar TNM; 30/90, SD/30"]
[Site "San Francisco"]
[Date "2012.08.21"]
[Round "4.16"]
[White "Mandrusov, George"]
[Black "Newey, Richard"]
[Result "1-0"]
[WhiteElo "2018"]
[BlackElo "1721"]
[PlyCount "41"]
[EventDate "2012.??.??"]

1. Nf3 Nf6 2. g3 c5 3. c4 g6 4. Nc3 Bg7 5. Bg2 Nc6 6. d4 cxd4 7. Nxd4 Qa5 8.
O-O Nxd4 9. Qxd4 Nh5 10. Qd3 Bxc3 11. bxc3 O-O 12. Bh6 Ng7 13. Rfb1 d6 14. Rb5
Qc7 15. Rab1 Bf5 16. e4 Be6 17. Qd4 f6 18. Rxb7 Qxc4 19. Rxe7 Rf7 20. Qxd6 Qxa2
21. Rb8+ 1-0

[Event "Mechanics' Fall TNM; 30/90, SD/30"]
[Site "San Francisco"]
[Date "2012.11.06"]
[Round "4.14"]
[White "Mar, Henry"]
[Black "Abraham, Renjish"]
[Result "0-1"]
[WhiteElo "1509"]
[BlackElo "1877"]
[PlyCount "80"]
[EventDate "2012.??.??"]

1. e4 c5 2. d3 Nc6 3. Nf3 g6 4. g3 Bg7 5. Bg2 Nf6 6. O-O O-O 7. Re1 e6 8. Bg5
Qb6 9. c3 d5 10. e5 Nd7 11. Bf4 h6 12. h4 Qxb2 13. Qe2 Qxe2 14. Rxe2 b5 15. Na3
Ba6 16. Rd1 b4 17. Nb1 Rac8 18. c4 dxc4 19. dxc4 Nb6 20. Nbd2 Na5 21. Ne4 Naxc4
22. Nf6+ Bxf6 23. exf6 Kh7 24. Ree1 Nd5 25. Be5 Nxe5 26. Nxe5 Nxf6 27. Nc6 Rc7
28. Bf3 Bb7 29. Ne5 Bxf3 30. Nxf3 Nd5 31. Ne5 c4 32. Rc1 c3 33. Nd3 a5 34. Rc2
Rb8 35. Re4 a4 36. Nc1 b3 37. axb3 axb3 38. Nxb3 Rxb3 39. Ree2 Rcb7 40. f4 Rb2
0-1

[Event "Mechanics' Fall TNM; 30/90, SD/30"]
[Site "San Francisco"]
[Date "2012.12.11"]
[Round "9.20"]
[White "Mar, Henry"]
[Black "Bayaraa, Chinguun"]
[Result "1-0"]
[WhiteElo "1509"]
[BlackElo "1329"]
[PlyCount "81"]
[EventDate "2012.??.??"]

1. e4 c5 2. Nf3 d6 3. d3 Nf6 4. g3 g6 5. Bg2 Bg7 6. O-O O-O 7. c3 Nbd7 8. Re1
Ne5 9. Bf4 Nfd7 10. Ng5 h6 11. Nf3 Kh7 12. h4 h5 13. Ng5+ Kg8 14. Qe2 Nf6 15.
f3 Nh7 16. d4 cxd4 17. cxd4 Nc6 18. d5 Ne5 19. Nc3 Nxg5 20. hxg5 Qb6+ 21. Be3
Qd8 22. Nd1 f6 23. Nf2 fxg5 24. Bxg5 Bd7 25. f4 Nf7 26. Bh4 Nh8 27. e5 dxe5 28.
fxe5 Qe8 29. e6 Bb5 30. Qd2 b6 31. Rac1 Qd8 32. Ne4 Ba6 33. d6 Re8 34. Bxe7
Rxe7 35. dxe7 Qxd2 36. Nxd2 Re8 37. Rc7 Bd4+ 38. Kh1 Bf2 39. Rf1 Bxf1 40. Nxf1
a5 41. Bc6 1-0

[Event "Mechanics' Mar TNM; 30/90, SD/30"]
[Site "San Francisco"]
[Date "2012.08.28"]
[Round "5.27"]
[White "Mar, Henry"]
[Black "Bowles, Sam"]
[Result "1-0"]
[WhiteElo "1500"]
[BlackElo "1285"]
[PlyCount "55"]
[EventDate "2012.??.??"]

1. e4 c5 2. Nf3 d6 3. d3 Nc6 4. g3 Bg4 5. Bg2 Nd4 6. Nbd2 Nf6 7. O-O Qd7 8. c3
Nc6 9. Qb3 h6 10. Re1 g5 11. Nf1 O-O-O 12. a4 Bh3 13. Ne3 Bxg2 14. Kxg2 g4 15.
Nh4 e6 16. a5 Be7 17. Kg1 Rdg8 18. Neg2 Ne5 19. Qc2 Nh5 20. d4 Bxh4 21. Nxh4
Nf3+ 22. Nxf3 gxf3 23. Qd3 Nf6 24. Qxf3 Rg6 25. Bf4 h5 26. e5 dxe5 27. Bxe5 Qd8
{probably a move missing here} 28. Qc6+ 1-0

[Event "Mechanics' Mar TNM; 30/90, SD/30"]
[Site "San Francisco"]
[Date "2012.09.18"]
[Round "8.21"]
[White "Mar, Henry"]
[Black "Campers, Willie"]
[Result "0-1"]
[WhiteElo "1500"]
[BlackElo "1683"]
[PlyCount "58"]
[EventDate "2012.??.??"]

1. e4 e6 2. Nf3 d5 3. exd5 exd5 4. d4 Nf6 5. Nbd2 Bg4 6. Be2 Bd6 7. O-O O-O 8.
h3 Bh5 9. c4 c6 10. Re1 Nbd7 11. c5 Bc7 12. b4 b6 13. Nf1 Ne4 14. Be3 Nc3 15.
Qc2 Nxe2+ 16. Qxe2 Re8 17. N1h2 f5 18. Qd2 h6 19. Bf4 Nf6 20. Ne5 Ne4 21. Qc2
Re6 22. f3 Nf6 23. Qxf5 Qe8 24. Qc2 a5 25. a3 axb4 26. axb4 Rb8 27. Rab1 Rc8
28. Ra1 bxc5 29. bxc5 Nd7 {Black won on time.} 0-1

[Event "Mechanics' Spring TNM; 30/90, SD/30"]
[Site "San Francisco"]
[Date "2012.03.13"]
[Round "1.14"]
[White "Mar, Henry"]
[Black "Gaffagan, Steven"]
[Result "0-1"]
[WhiteElo "1500"]
[BlackElo "2024"]
[PlyCount "76"]
[EventDate "2012.??.??"]

1. e4 c5 2. Nf3 e6 3. g3 Nc6 4. Bg2 d5 5. exd5 exd5 6. O-O d4 7. Re1+ Be6 8.
Bh3 Qd5 9. d3 Be7 10. Bxe6 fxe6 11. c4 Qf5 12. Qe2 Kd7 13. Ne5+ Nxe5 14. Qxe5
Rf8 15. Bf4 Qxe5 16. Bxe5 Nf6 17. h3 Rhg8 18. Nd2 Rf7 19. b4 cxb4 20. Bxd4 b6
21. Rac1 Rc8 22. Nf3 Bd6 23. Be5 Ng4 24. Kg2 Rxf3 25. Kxf3 Nxe5+ 26. Ke2 Nc6
27. f4 a5 28. Rb1 Nd4+ 29. Kf2 Bc5 30. Re4 Rf8 31. Kg2 a4 32. Rbe1 a3 33. Rb1
Kc6 34. Rc1 Ra8 35. Rb1 b3 36. axb3 a2 37. Ra1 Nxb3 38. Rxe6+ Kd7 0-1